[Event "Cuiaba Contaud op"]
[Site "Cuiaba"]
[Date "2024.11.24"]
[Round "6"]
[White "De Oliveira, Tobias Luiz Carvalh"]
[Black "Terra, Alfredo Mochi"]
[Result "1-0"]
[WhiteElo "1666"]
[BlackElo "1800"]
[PlyCount "45"]
[EventDate "2024.11.22"]
[EventType "swiss"]
[EventRounds "6"]
[EventCountry "BRA"]
[SourceTitle "CB49_2024"]
[SourceDate "2024.12.04"]
[SourceVersion "1"]
[SourceVersionDate "2024.12.04"]
[SourceQuality "1"]

1. e4 e5 2. Nf3 Nf6 3. Nxe5 d6 4. Nf3 Nxe4 5. Nc3 Nxc3 6. dxc3 Be7 7. Be3 0-0 8. Bd3 Bg4 9. Be2 Nc6 10. Qd2 a5 11. h3 Be6 12. 0-0 Qd7 13. Kh2 d5 14. Rad1 Rfd8 15. Bd3 Qc8 16. Rfe1 Nb8 17. Bg5 Bd6+ 18. Bf4 Bxf4+ 19. Qxf4 f6 20. Nd4 Bf7 21. Bf5 Nd7 22. Re7 Be8 23. Ne6 1-0